Ekonomik önlemler uygulama planı (Record no. 5274)

MARC details
000 -BAŞLIK
Sabit Uzunlukta Kontrol Alanı 00528na a2200193 4500
001 - KONTROL NUMARASI
Denetim Alanı 17642
003 - KONTROL NUMARASI IDENTIFIER
Denetim Alanı MIRAKIL
005 - SON İŞLEM TARİHİ VE ZAMANI
Denetim Alanı 20181213155032.0
008 - SABİT-BOY VERİ ELEMANLARI - GENEL BİLGİLER
Sabit Uzunlukta Kontrol Alanı 161031b tu 000 0
040 ## - KATALOGLAMA KAYNAK
Orijinal Kataloglama Ajansı Milas
Kataloglama Dili tur
Metne Dönüştürmek Ajansı TR-AnCHP
041 ## - DİL KODU
Metin / Ses Parça Veya Ayrı Başlığın Dil Kodu tur
082 ## - DEWEY ONLU SINIFLANDIRMA NUMARASI
Sınıflandırma Numarası 330.956
Ürün Numarası E46 1994
090 ## - SINIFLAMA NUMARASI
Sınıflama Numarası 330.956 E46 1994
245 ## - BAŞLIK TABLOSU
Başlık Ekonomik önlemler uygulama planı
Sorumluluk Tablosu, Vb Başbakanlık
260 ## - YAYIN, DAĞITIM, VB
Yayın, Dağıtım, Vb Yeri [Ankara]
Yayıncı, Dağıtıcı, Vs Adı Başbakanlık Basımevi
Yayın, Dağıtım, Vb Tarihi 1994
300 ## - FİZİKSEL TANIM
Kapsam 29, [2] s.
Diğer Fiziksel Ayrıntıları tbl.
Boyutlar 18 sm.
650 ## - KONU KATMA GİRİŞ - TOPİKAL DÖNEM
Topikal Süreli Veya Coğrafi Ad Giriş Elemanı Ekonomi
Genel Alt Bölümü Planlar
Coğrafi Alt Bölümü Türkiye
942 ## - EKLENDİ GİRİŞ ELEMANLARI (KOHA)
Sınıflandırma Veya Raf Düzeni Kaynak Dewey Decimal Classification
Koha Öğesi Türü Books
999 ## - SİSTEM KONTROL NUMARALARI (KOHA)
Koha Biblionumber 5274
Koha Biblioitemnumber 5274
Holdings
Kalıcı Konum Mevcut Konum Edinme Tarihi Edinim Kaynak Toplam Check-Out'Lar Tam Çağrı Numarası Barkod Tarih Son Görülme İtibaren Geçerli Fiyatlar Koha Öğesi Türü Kopya Sayısı
CHP Kütüphanesi CHP Kütüphanesi 10/31/2016 Bağış   330.956 E46 1994 005942 10/31/2016 10/31/2016 Books  
CHP Kütüphanesi CHP Kütüphanesi 10/31/2016 Bağış   330.956 E46 1994 005943 10/31/2016 10/31/2016 Books k.2